Loading...
History - Euro History | 1 | 6 | 0 | 1 | 75 | 25 | 75.29 | 2 | 5 |
Arts - Other Arts | 3 | 1 | 0 | 0 | 55 | 16 | 52.50 | 2 | 4 |
Beliefs - Religion | 2 | 3 | 2 | 2 | 50 | 45 | 88.40 | 1 | 3 |
Thought - Social Science | 1 | 4 | 1 | 1 | 50 | 63 | 85.40 | 0 | 2 |
Science - Biology | 1 | 4 | 2 | 1 | 45 | 51 | 99.60 | 1 | 3 |
History - Other History | 1 | 4 | 2 | 3 | 45 | 71 | 99.60 | 1 | 3 |
History - World History | 2 | 2 | 1 | 0 | 45 | 38 | 70.50 | 1 | 3 |
Arts - Painting | 2 | 2 | 2 | 0 | 40 | 69 | 87.00 | 2 | 3 |
Other - Geo/CE | 2 | 2 | 2 | 1 | 40 | 30 | 70.00 | 2 | 3 |
Literature - World Lit | 2 | 1 | 1 | 1 | 35 | 49 | 81.00 | 1 | 2 |
Beliefs - Mythology | 1 | 2 | 0 | 0 | 35 | 42 | 65.33 | 1 | 3 |
History - American History | 1 | 2 | 0 | 1 | 35 | 53 | 93.67 | 1 | 1 |
Other - Other Academic | 0 | 3 | 0 | 0 | 30 | 79 | 91.00 | 1 | 2 |
Science - Chemistry | 0 | 3 | 1 | 1 | 25 | 73 | 92.67 | 1 | 2 |
Literature - Euro Lit | 1 | 1 | 1 | 0 | 20 | 44 | 62.00 | 1 | 2 |
Thought - Philosophy | 0 | 2 | 0 | 0 | 20 | 82 | 96.00 | 0 | 0 |
Literature - British Lit | 1 | 1 | 2 | 0 | 15 | 88 | 112.00 | 0 | 0 |
Science - Other Science | 0 | 1 | 0 | 1 | 10 | 133 | 133.00 | 0 | 0 |
Arts - Music | 0 | 1 | 0 | 0 | 10 | 124 | 124.00 | 0 | 0 |
Literature - American Lit | 0 | 1 | 0 | 0 | 10 | 114 | 114.00 | 0 | 1 |
Other - Pop Culture | 0 | 0 | 0 | 0 | 0 | 0.00 | 0 | 0 |